Walking Across Borders: Counties of England - Statistics

General Stats
  • This quiz has been taken 55 times
  • The average score is 31 of 47
Answer Stats
Letters Answer % Correct
8 Cornwall
97%
5 Devon
95%
8 Somerset
95%
13 City of Bristol
76%
15 Gloucestershire
76%
13 Herefordshire
76%
4 Kent
76%
13 Staffordshire
76%
10 Shropshire
74%
12 West Midlands
74%
12 Warwickshire
71%
7 Rutland
68%
6 Surrey
68%
9 Wiltshire
68%
14 Worcestershire
68%
15 Buckinghamshire
66%
9 Hampshire
66%
16 Northamptonshire
66%
9 Berkshire
63%
7 Cumbria
63%
10 Merseyside
63%
15 Nottinghamshire
63%
11 Oxfordshire
63%
14 Cambridgeshire
61%
8 Cheshire
61%
6 Dorset
61%
6 Durham
61%
10 East Sussex
61%
13 Hertfordshire
61%
7 Norfolk
61%
14 Northumberland
61%
7 Suffolk
61%
11 Tyne and Wear
61%
10 West Sussex
61%
21 East Riding of Yorkshire
58%
5 Essex
58%
10 Lancashire
58%
14 Leicestershire
58%
12 Lincolnshire
58%
14 South Yorkshire
58%
13 West Yorkshire
58%
12 Bedfordshire
55%
12 City of London
55%
17 Greater Manchester
53%
14 North Yorkshire
53%
10 Derbyshire
50%
13 Greater London
42%
No matching quizzes found
Score Distribution
Percent of People with Each Score
Percentile by Number Answered
Your Score History
You have not taken this quiz